000 01528naa a22004097a 4500
001 BR7602691
003 BR-BrBNA
005 20240918173843.0
007 ta
008 230509b bl.||||| |||| 00| 0 por d
040 _aBR-BrBNA
_bpor
_cBiblioteca Nacional de Agricultura
041 _a(Pt)
072 _aL36; L74
_b5200
_b3750
_bG302
090 _aL36 BR7602691
100 1 _aFick, K.R.
100 1 _aMcDowell, L.R.
100 1 _aHouser, R.H.
100 1 _aSilva, H.M.
111 1 _aSeminario Latino-Americano sobre Pesquisa em Nutricao Mineral de Ruminantes em Pastagens
_cBelo Horizonte, MG (Brazil)
_d22 Mar 1976
245 1 _aAtual situacao da pesquisa de minerais na America Latina [Nutricao animal; Disturbio animal]
260 3 _aBelo Horizonte, MG (Brasil):
_c1976.
500 _aSimposio Latino-Americano sobre Pesquisa em Nutricao Mineral de Ruminantes em Pastagens Belo Horizonte, MG (Brasil): 1976. p. 261-297 (BR7602691-AM)L36
650 _aComposicao de alimento
650 _aDisturbio animal
650 _aRuminante
650 _aMicroelemento
650 _aNutricao animal
650 _aNutriente mineral
650 _aPastagem
650 _aBovino
650 _aSuplemento mineral
650 _aDeficiencia mineral
650 _aAmerica Latina
773 0 _tSimposio Latino-Americano sobre Pesquisa em Nutricao Mineral de Ruminantes em Pastagens
_wL36 BR7602691
_gBelo Horizonte, MG (Brasil), 1976. p. 261-297
909 _a202404
_bLucia
_c55
_dLucia Elande
942 _cAM
_2AGRIS
999 _c307296
_d307296